000 01052 a2200265 4500
003 Nust
005 20221018102524.0
010 _a 2008019000
020 _a0470167351 (cloth : alk. paper)
020 _a9780470167359 (cloth : alk. paper)
035 _a(OCoLC)226308201
035 _a(OCoLC)ocn226308201
040 _cNust
082 0 0 _a620.001171,BLA
100 1 _aBlanchard, Benjamin S.
_9943
245 1 0 _aSystem engineering management /
_cBenjamin S. Blanchard.
250 _a4th ed.
260 _aHoboken, N.J. :
_bWiley,
_cc2008.
300 _axviii, 539 p. :
_bill., map ;
_c25 cm.
440 0 _aWiley series in systems engineering and management
_91592
505 _aIntroduction to system engineering (Page-1) ,The system engineering process (Page-51), System design requirements (Page-123), Engineering design methods and tools (Page-217), Design review and evolution (Page-243)
650 0 _aSystems engineering.
856 4 1 _3Table of contents only
_uhttp://www.loc.gov/catdir/toc/ecip0817/2008019000.html
942 _2ddc
_cBK
999 _c217071
_d217071